000 01490nam2a22002531 4500
001 rc\4541100
005 20250611192701.0
021 _aRU
_bРг5145-72
021 _aRU
_b71-92784
035 _a(NLR Aleph) 008360553
090 _a8995442
_c8995442
100 _a20130416d1970 |||y0rusy50 ca
101 0 _arus
102 _aRU
105 _ay z |||||
200 1 _aПо Ивановской, Костромской, Горьковской, Кировской областям, Марийской, Чувашской, Мордовской и Удмуртской АССР
_eМетеорол. данные за отдельные годы
_fВерхне-Волж. упр. гидрометеорол. службы. Горьк. гидрометеорол. обсерватория
_hЧ. 6
_iОблачность и солнечное сияние
210 _d1970
_aБ. м.
215 _a384 с.
461 0 _1001rc\4541099
_12001#$aКлиматологический справочник [по] СССР$eВып. 29$fГл. упр. гидрометеор. службы при Совете Министров СССР$vВып. 29
_98995441
_cГорький
_d1970
_fГл. упр. гидрометеор. службы при Совете Министров СССР
_nБ. и.
_oВып. 29
_tКлиматологический справочник [по] СССР
_vВып. 29
801 0 _aRU
_bNLR
_gpsbo
801 1 _aRU
_bELAR
_2rusmarc
852 _aNLR
_jГн10 Г-7/33
942 _cBOOK
980 _aNB